Vista normal Vista MARC

Ingeniería de procesos y productos / (Registro nro. 17433)

Detalles MARC
000 -Cabecera (24)
Campo de control interno 01169nam a22002654a 4500
001 - Número de control
Campo de control UTEA
005 - Fecha y hora de la
Campo de control 20251010151336.0
006 - Campos de control - información adicional
Campos de control g||||gr||||||01 nz
007 - Tipo material - Descripcion fisica - info general
Tipo material ta
008 - Códigos de longitud fija (40p)
Campo de control de longitud fija 251007b es ||||| |||| 00| 0 spa d
020 ## - INTERNATIONAL STANDARD BOOK NUMBER
ISBN 9788413570341
040 ## - Origen de la Catalogacion
Centro catalogador/agencia de origen UTEA
041 ## - Código de idioma (R)
Código de lengua del texto/banda sonora o título independiente (R) spa
082 ## - Número de la Clasificación
Número de la Clasificación 660.281
Notación Interna G95 2020
100 ## - Autor Personal
Autor Personal Gutierrez Martín Fernando
Término indicativo de función (R) autor
245 ## - Titulo
Titulo Ingeniería de procesos y productos /
Mención del autor Fernando Gutiérrez
Medio físico [Texto Impreso]
250 ## - Mencion de edicion
Mencion de edicion 1ra edición
260 ## - Editorial
Ciudad España;
Nombre de la Editorial Editorial Sintesis,S.A;
Fecha 20220
300 ## - Descripcion
Páginas 291 páginas;
Otros detalles físicos figuras, tablas;
Dimensiones 18 x 24 cm.
505 ## - Nota de contenido formateada
Nota de contenido formateada Índice del Libro] Introducción a los procesos químicos -- Síntesis y selección de procesos químicos -- Casos de estudio, síntesis y selección de procesos -- Análisis y optimización de sistemas de proceso -- Casos de estudio reactores y operaciones físicas -- Casos de estudio. Desarrollo de procesos químicos -- Ingeniera de productos -- Casos de estudio ingeniería de productos.
650 ## - Temas - Descriptores
Temas - Descriptores PROCESOS QUÍMICOS
9 (RLIN) 59669
650 ## - Temas - Descriptores
Temas - Descriptores OPTIMIZACIÓN
9 (RLIN) 59670
650 ## - Temas - Descriptores
Temas - Descriptores ANÁLISIS
9 (RLIN) 911
942 ## - Datos personalizados Koha
Esquema de Clasificacion Dewey Decimal Classification
Tipo de Documento Libros
Fecha procesamiento 2025-10-07
Catalogador Cirila Celinda Molina Chirinos
Existencias
Estado de retiro Estado de pérdida Fuente de Clasificacion Estado No para préstamo Escuela Profesional/ Mención de Maestría Localización permanente Ubicación/localización actual Ubicación en estantería Fecha de adquisición Fuente de adquisición Signatura topográfica completa Código de barras Precio válido a partir de Tipo de ítem Koha
    Dewey Decimal Classification     E.P. Ingeniería de Sistemas e Informática Biblioteca Abancay UTEA Biblioteca Abancay UTEA Área de Ciencias Puras y Aplicada (primer piso) 10/10/2025 Compra 660.281 G95 2020 BABA25100143 10/10/2025 Libros
    Dewey Decimal Classification     E.P. Ingeniería de Sistemas e Informática Biblioteca Cusco UTEA Biblioteca Cusco UTEA Biblioteca Puputi 10/07/2025 Compra 660.281 G95 2020 BCUS25100105 10/07/2025 Libros